| 000 | 00427nam a2200133Ia 4500 | ||
|---|---|---|---|
| 008 | 250506s9999 xx 000 0 und d | ||
| 024 | _a03A-BS-32 & 03A-BS-11 | ||
| 082 | _a620.46072 WAQ | ||
| 100 | _aWaqas Hassan Siddiqui & Shaista Hina Izhar | ||
| 245 | 0 | _aRemote Access Control of Electrical Devices (raced) | |
| 260 |
_aKarachi: _bUIT, _c2003 |
||
| 600 | _aComputer Science | ||
| 650 | _aBachelor of Computer Science (BS) | ||
| 999 |
_c28849 _d28849 |
||